Ciencias naturales : tercer grado.

Gespeichert in:
Bibliographische Detailangaben
Körperschaft: Comisión Nacional de Libros de Texto Gratuitos. (México)
Weitere Verfasser: Gutiérrez Vázquez, Juan Manuel. Candela Martín, María Antonia. (Projektleitung)
Format: Buch
Sprache:Spanisch
Erschienen: México : SEP. Comisión Nacional de los Libros de Texto Gratuitos, 1984.
Ausgabe:3a. ed.
Katalog:MANES:  Suchergebnis im Bibliothekskatalog
Schulbuchspezifische Eigenschaften:
Schriftenreihe:Libro de texto gratuito
Tags: Tag hinzufügen
Keine Tags, Fügen Sie den ersten Tag hinzu!
Hinzugefügt zu:25.10.2005
Geändert in:08.05.2025

MARC

LEADER 00000cam a2200000 a 4500
003 OSt
005 20250508092003.0
008 051026n1984 mx f 000 0 spa d
040 |a CINV  |c CINV 
050 0 4 |a LTG LB1585  |b M49 3º 1984 
051 0 4 |a LTG LB1585-M49 3º 1984 
110 2 |a Comisión Nacional de Libros de Texto Gratuitos. (México)  |9 24074 
245 0 0 |a Ciencias naturales :  |b tercer grado./  |c coordinación Juan Manuel Gutiérrez Vázquez ; María Antonia Candela Martín...[et al.] 
250 |a 3a. ed. 
260 |a México :  |b SEP. Comisión Nacional de los Libros de Texto Gratuitos,  |c 1984. 
300 |a v.:  |b il.;  |c 26 cm. 
440 |a Libro de texto gratuito  |9 21882 
502 |a Encuadernado con: Libro para el maestro : tercer grado. 
546 |a México 
561 |5 mx-CINVES  |a México. DIE-Cinvestav (Ciudad de México)  |k MANES 
691 0 |a PRI 
700 1 |a Gutiérrez Vázquez, Juan Manuel.  |e coord.  |a Candela Martín, María Antonia.  |9 35609 
740 |a Libro para el maestro :  |b tercer grado. 
910 |a E-17551  |b Don-1984.  |a E-17550(ej.2) 
911 |a E-17551 
942 |2 ddc  |c BK 
999 |c 54039  |d 54039 
999 |c manes:54039  |d 54039